<?xml version="1.0" encoding="UTF-8"?>
<collection xmlns="http://www.loc.gov/MARC21/slim">
 <record>
  <leader>07330nam a2200457 a 4500</leader>
  <controlfield tag="001">kal5769</controlfield>
  <controlfield tag="003">Gr-AtHEAL</controlfield>
  <controlfield tag="005">20160505151917.0</controlfield>
  <controlfield tag="006">m        d        </controlfield>
  <controlfield tag="008">160413s2015    gr      s           gre|c</controlfield>
  <datafield tag="020" ind1=" " ind2=" ">
   <subfield code="a">9789606035043</subfield>
  </datafield>
  <datafield tag="040" ind1=" " ind2=" ">
   <subfield code="a">GR-AtHEAL</subfield>
   <subfield code="b">gre</subfield>
   <subfield code="c">GR-AtHEAL</subfield>
  </datafield>
  <datafield tag="082" ind1="0" ind2="4">
   <subfield code="a">005.3</subfield>
   <subfield code="2">23</subfield>
  </datafield>
  <datafield tag="100" ind1="1" ind2=" ">
   <subfield code="a">Μάρκου, Ευριπίδης.</subfield>
   <subfield code="8">2613</subfield>
  </datafield>
  <datafield tag="245" ind1="1" ind2="0">
   <subfield code="a">Αλγοριθμική θεωρία κατανεμημένων υπολογισμών</subfield>
   <subfield code="h">[Ηλεκτρονικός πόρος] </subfield>
   <subfield code="c">Μάρκου, Ευριπίδης ; Κρανάκης, Ευάγγελος ; Παγουρτζής, Αριστείδης ; Κριζάνκ, Ντάννυ ; Κριτικός αναγνώστης,Νικολόπουλος, Σταύρος.</subfield>
  </datafield>
  <datafield tag="260" ind1=" " ind2=" ">
   <subfield code="a">Αθήνα :</subfield>
   <subfield code="b">Σύνδεσμος Ελληνικών Ακαδημαϊκών Βιβλιοθηκών,</subfield>
   <subfield code="c">c2015.</subfield>
  </datafield>
  <datafield tag="490" ind1=" " ind2=" ">
   <subfield code="a">Ακαδημαϊκά Ηλεκτρονικά Συγγράμματα και Βοηθήματα Κάλλιπος</subfield>
   <subfield code="8">40</subfield>
  </datafield>
  <datafield tag="505" ind1=" " ind2=" ">
   <subfield code="a">1. Παράλληλοι και κατανεμημένοι υπολογισμοί2. Θεμελιώδη προβλήματα και αλγόριθμοι με ακίνητους πράκτορες3. Κατανεμημένοι υπολογισμοί με κινητούς πράκτορες4. Το πρόβλημα της συνάντησης δύο κινητών πρακτόρων5. Το πρόβλημα της συνάντησης πολλών πρακτόρων6. Ανακάλυψη εχθρικών κόμβων σε δακτύλιους και δέντρα7. Εχθρικοί κόμβοι σε γραφήματα και πράκτορες χωρίς μνήμη8. Αξιόπιστη επικοινωνία σε κατανεμημένα δίκτυα9. Το πρόβλημα της συνάντησης σε άλλα σενάρια10. Τρέχουσες και μελλοντικές ερευνητικές κατευθύνσεις</subfield>
  </datafield>
  <datafield tag="520" ind1=" " ind2=" ">
   <subfield code="a">Το βιβλίο αυτό απευθύνεται σε προπτυχιακούς και μεταπτυχιακούς φοιτητές τμημάτων Πληροφορικής και Μαθηματικών που διδάσκονται θέματα σχετικά με τη σχεδίαση και ανάλυση αλγορίθμων.  Μπορεί να χρησιμοποιηθεί τόσο από μη εξοικειωμένους με την περιοχή, όσο και από προχωρημένους επιστήμονες στους τομείς της Θεωρητικής Πληροφορικής και ειδικότερα στους τομείς της Σχεδίασης Αλγορίθμων, της Θεωρίας Υπολογισμού αλλά και της Τεχνητής Νοημοσύνης και της Ρομποτικής. Οι αναγνώστες μπορούν να βρουν στο βιβλίο αυτό το απαραίτητο υλικό για την κατανόηση των εννοιών που σχετίζονται με:- Κατανεμημένους αλγόριθμους- Κινητούς πράκτορες- Πολυπλοκότητα αγαθών στους κατανεμημένους υπολογισμούς- Μοντέλα χρονισμού των κατανεμημένων μοντέλων- Βασικά προβλήματα και κατανεμημένους αλγόριθμους- Αναγωγές προβλημάτων, αποδείξεις ορθότητας και ανάλυση πολυπλοκότητας των αλγορίθμων- Προσεγγισιμότητα με εγγύηση ποιότητας της λύσης για δύσκολα (NP-hard) προβλήματα- Ζητήματα ασφάλειας δικτύων και πρακτόρωνΔίνεται ιδιαίτερη έμφαση στην παρουσίαση και κατανόηση των θεωρητικών μοντέλων με βάση τα οποία όχι μόνο μπορούν να σχεδιαστούν βέλτιστοι κατανεμημένοι αλγόριθμοι που επιλύουν ρεαλιστικά προβλήματα, αλλά και να αναδειχθούν μέσα από αυτήν την αλγοριθμική θεωρία τα πλεονεκτήματα των κατανεμημένων μεθόδων σε σύγκριση με τους παράλληλους και τους σειριακούς αλγόριθμους. Το βιβλίο εστιάζει ιδιαίτερα στην επίλυση προβλημάτων με τη χρήση κινητών πρακτόρων. Γίνεται εκτενής αναφορά στις εφαρμογές που έχουν τα μοντέλα των προβλημάτων που παρουσιάζονται. Οι αλγόριθμοι παρουσιάζονται σε ψευδογλώσσα ενώ οι αποδείξεις ορθότητας και πολυπλοκότητας των αλγορίθμων καθώς και οι αποδείξεις αρνητικών αποτελεσμάτων δίνονται με τυπικό τρόπο και έτσι ώστε να μπορούν να τις παρακολουθήσουν άνετα προπτυχιακοί φοιτητές.Στο τέλος των κεφαλαίων υπάρχουν σχόλια και βιβλιογραφικές αναφορές καθώς και ασκήσεις που βοηθούν στην καλύτερη κατανόηση των μεθόδων σχεδίασης κατανεμημένων αλγορίθμων και στην ανάλυσή τους.</subfield>
  </datafield>
  <datafield tag="650" ind1=" " ind2="0">
   <subfield code="a">Computer algorithms.</subfield>
   <subfield code="8">2699</subfield>
  </datafield>
  <datafield tag="650" ind1=" " ind2="0">
   <subfield code="a">Computational complexity.</subfield>
   <subfield code="8">2697</subfield>
  </datafield>
  <datafield tag="653" ind1=" " ind2=" ">
   <subfield code="a">Το πρόβλημα της μαύρης τρύπας</subfield>
  </datafield>
  <datafield tag="653" ind1=" " ind2=" ">
   <subfield code="a">Το πρόβλημα της συνάντησης</subfield>
  </datafield>
  <datafield tag="653" ind1=" " ind2=" ">
   <subfield code="a">Προσεγγιστικοί αλγόριθμοι</subfield>
  </datafield>
  <datafield tag="653" ind1=" " ind2=" ">
   <subfield code="a">Υπολογιστική πολυπλοκότητα</subfield>
  </datafield>
  <datafield tag="653" ind1=" " ind2=" ">
   <subfield code="a">Ασφάλεια δικτύων</subfield>
  </datafield>
  <datafield tag="653" ind1=" " ind2=" ">
   <subfield code="a">Κινητοί πράκτορες</subfield>
  </datafield>
  <datafield tag="653" ind1=" " ind2=" ">
   <subfield code="a">Κατανεμημένοι αλγόριθμοι</subfield>
  </datafield>
  <datafield tag="653" ind1=" " ind2=" ">
   <subfield code="a">Επιστήμη υπολογιστών/Πληροφορική</subfield>
   <subfield code="a">Υπολογιστική επιστήμη</subfield>
  </datafield>
  <datafield tag="653" ind1=" " ind2=" ">
   <subfield code="a">Επιστήμη υπολογιστών/Πληροφορική</subfield>
   <subfield code="a">Αλγόριθμοι και πολυπλοκότητα</subfield>
  </datafield>
  <datafield tag="653" ind1=" " ind2=" ">
   <subfield code="a">Επιστήμη υπολογιστών/Πληροφορική</subfield>
  </datafield>
  <datafield tag="653" ind1=" " ind2=" ">
   <subfield code="a">Μαθηματικά</subfield>
   <subfield code="a">Συνδυαστική</subfield>
  </datafield>
  <datafield tag="700" ind1="1" ind2=" ">
   <subfield code="a">Κρανάκης, Ευάγγελος</subfield>
   <subfield code="e">Συγγραφέας</subfield>
   <subfield code="8">2614</subfield>
  </datafield>
  <datafield tag="700" ind1="1" ind2=" ">
   <subfield code="a">Παγουρτζής, Άριστείδης</subfield>
   <subfield code="e">Συγγραφέας</subfield>
   <subfield code="8">2615</subfield>
  </datafield>
  <datafield tag="700" ind1="1" ind2=" ">
   <subfield code="a">Κριζάνκ, Ντάννυ</subfield>
   <subfield code="e">Συγγραφέας</subfield>
   <subfield code="8">2616</subfield>
  </datafield>
  <datafield tag="700" ind1="1" ind2=" ">
   <subfield code="a">Νικολόπουλος, Σταύρος</subfield>
   <subfield code="e">Κριτικός αναγνώστης</subfield>
   <subfield code="8">2617</subfield>
  </datafield>
  <datafield tag="856" ind1="4" ind2="0">
   <subfield code="u">http://hdl.handle.net/11419/5769</subfield>
   <subfield code="z">Πλήρες Κείμενο - Full text</subfield>
  </datafield>
  <datafield tag="907" ind1=" " ind2=" ">
   <subfield code="a">.b25678875</subfield>
   <subfield code="b">12-06-18</subfield>
   <subfield code="c">29-07-16</subfield>
  </datafield>
  <datafield tag="949" ind1=" " ind2=" ">
   <subfield code="0">0</subfield>
   <subfield code="1">0</subfield>
   <subfield code="2">ddc</subfield>
   <subfield code="4">0</subfield>
   <subfield code="6">005_300000000000000_ΜΑΡ</subfield>
   <subfield code="7">0</subfield>
   <subfield code="8">KALL</subfield>
   <subfield code="8">646</subfield>
   <subfield code="d">2016-04-13</subfield>
   <subfield code="r">2016-04-13</subfield>
   <subfield code="w">2016-04-13</subfield>
   <subfield code="z">005.3 ΜΑΡ</subfield>
   <subfield code="o">SEAB KALLIPOS</subfield>
  </datafield>
  <datafield tag="998" ind1=" " ind2=" ">
   <subfield code="a">80</subfield>
   <subfield code="a">01</subfield>
   <subfield code="a">02</subfield>
   <subfield code="a">03</subfield>
   <subfield code="a">04</subfield>
   <subfield code="a">05</subfield>
   <subfield code="a">06</subfield>
   <subfield code="a">07</subfield>
   <subfield code="a">08</subfield>
   <subfield code="a">09</subfield>
   <subfield code="a">10</subfield>
   <subfield code="a">11</subfield>
   <subfield code="a">12</subfield>
   <subfield code="a">13</subfield>
   <subfield code="a">14</subfield>
   <subfield code="a">15</subfield>
   <subfield code="a">16</subfield>
   <subfield code="a">17</subfield>
   <subfield code="a">18</subfield>
   <subfield code="a">19</subfield>
   <subfield code="a">20</subfield>
   <subfield code="a">21</subfield>
   <subfield code="a">22</subfield>
   <subfield code="a">23</subfield>
   <subfield code="a">24</subfield>
   <subfield code="a">25</subfield>
   <subfield code="a">26</subfield>
   <subfield code="b">10-05-17</subfield>
   <subfield code="c">m</subfield>
   <subfield code="d">z  </subfield>
   <subfield code="e">-</subfield>
   <subfield code="f">gre</subfield>
   <subfield code="g">gr </subfield>
   <subfield code="h">0</subfield>
  </datafield>
  <datafield tag="942" ind1=" " ind2=" ">
   <subfield code="2">ddc</subfield>
   <subfield code="c">KALLIPOS</subfield>
  </datafield>
 </record>
</collection>
